Постижение истории: избранное; пер. с англ.

Dettagli Bibliografici
Autore principale: Тойнби А. Дж.
Riassunto:Сборник составлен по материалам первых семи томов капитального труда выдающегося британского историка Арнольда Дж. Тоинби «Постижение истории». На основе глубокого изучения колоссального объема фактов мировой истории Тойнби предпринимает попытку переосмыслить тенденции общественно-исторического развития человечества в духе теории локальных цивилизаций.
Lingua:russo
Pubblicazione: Москва, Айрис-Пресс, 2006
Serie:Библиотека истории и культуры
Soggetti:
Natura: MixedMaterials Libro
KOHA link:https://koha.lib.tpu.ru/cgi-bin/koha/opac-detail.pl?biblionumber=121217

MARC

LEADER 00000nam0a2200000 4500
001 121217
005 20231101215649.0
010 |a 5811217420 
035 |a (RuTPU)RU\TPU\book\131272 
090 |a 121217 
100 |a 20070911d2006 km y0rusy50 ca 
101 1 |a rus  |c eng 
102 |a RU 
105 |a y z 000zy 
200 1 |a Постижение истории  |e избранное  |e пер. с англ.  |f А. Дж. Тойнби 
210 |a Москва  |c Айрис-Пресс  |d 2006 
215 |a 640 с. 
225 1 |a Библиотека истории и культуры 
330 |a Сборник составлен по материалам первых семи томов капитального труда выдающегося британского историка Арнольда Дж. Тоинби «Постижение истории». На основе глубокого изучения колоссального объема фактов мировой истории Тойнби предпринимает попытку переосмыслить тенденции общественно-исторического развития человечества в духе теории локальных цивилизаций. 
606 1 |a Цивилизации  |x История  |2 stltpush  |3 (RuTPU)RU\TPU\subj\58884  |9 76578 
610 1 |a история 
610 1 |a всемирная история 
610 1 |a цивилизации 
610 1 |a генезис 
610 1 |a сравнительные исследования 
610 1 |a Западная Европа 
610 1 |a универсальные государства 
610 1 |a церковь 
686 |a Т3(0):Ю632  |v LBC/SL-A  |2 rubbk 
700 1 |a Тойнби  |b А. Дж. 
801 1 |a RU  |b 63413507  |c 20070911  |g PSBO 
801 2 |a RU  |b 63413507  |c 20230323  |g PSBO 
942 |c BK 
959 |a 55/20070911  |d 2  |e 226,93  |f АНЛ:1  |f ЧЗГЛ:1